000 00463nam a2200181Ia 4500
001 27169
003 IN-NITTTR
005 20251114233339.0
008 251113s9999||||xx |||||||||||||| ||eng||
040 _beng
040 _cIN-NITTTR
041 _aeng
082 _a612 W357R
100 _aWaugh, Anne
245 0 _aRoss and Wilson anatomy and physiology in health and illness /
_cWaugh, Anne, Grant, Allison
700 _a Grant, Allison
942 _2ddc
_cBK
999 _c29797
_d29797